| Tag |
First Indicator |
Second Indicator |
Subfields |
| LEADER |
00000cam a22000008a 4500 |
| 001 |
in00000069976 |
| 005 |
20151008055932.0 |
| 008 |
810318s1981 nyu b 00110 eng |
| 010 |
|
|
|a 80008978
|
| 020 |
|
|
|a 0824093569 :
|c $25.00
|
| 035 |
|
|
|a (OCoLC)07306521
|
| 035 |
|
|
|9 AAJ4760AM
|
| 039 |
0 |
|
|a 2
|b 3
|c 3
|d 3
|e 3
|
| 040 |
|
|
|a DLC
|c DLC
|d TXA
|d UtOrBLW
|
| 043 |
|
|
|a n-us---
|
| 049 |
|
|
|a TXAM
|c [1804924]
|
| 050 |
0 |
0 |
|a KF8741.A1
|b S75
|
| 082 |
0 |
|
|a 016.34773/26
|a 016.34730735
|2 19
|
| 100 |
1 |
|
|a Stephenson, D. Grier.
|
| 245 |
1 |
4 |
|a The Supreme Court and the American Republic :
|b an annotated bibliography /
|c D. Grier Stephenson, Jr.
|
| 263 |
|
|
|a 8108
|
| 264 |
|
1 |
|a New York :
|b Garland Pub.,
|c 1981.
|
| 300 |
|
|
|a xiv, 281 pages ;
|c 23 cm.
|
| 336 |
|
|
|a text
|b txt
|2 rdacontent
|
| 337 |
|
|
|a unmediated
|b n
|2 rdamedia
|
| 338 |
|
|
|a volume
|b nc
|2 rdacarrier
|
| 490 |
1 |
|
|a Garland reference library of social science ;
|v v. 85
|
| 500 |
|
|
|a Includes indexes.
|
| 610 |
1 |
0 |
|a United States.
|b Supreme Court
|x Bibliography.
|
| 830 |
|
0 |
|a Garland reference library of social science ;
|v v. 85.
|
| 999 |
|
|
|a MARS
|
| 999 |
f |
f |
|s 4f8c8ab9-525b-3dc3-bda3-552878d021a3
|i 145c2921-ff45-365a-800a-b204947cee3e
|t 0
|
| 952 |
f |
f |
|p ric
|a Texas A&M University
|b Rellis Campus
|c Joint Library Facility
|d Remote Storage
|t 0
|e KF8741.A1 S75
|h Library of Congress classification
|i unmediated -- volume
|m A14806157200
|
| 998 |
f |
f |
|a KF8741.A1 S75
|t 0
|l Remote Storage
|